HIGH COURT MISCELLANEOUS CAUSE NO. 0045 OF 2010 ROSE MARY NALWADDA VS UGANDA AIDS COMMISSION (Record no. 8598)
[ view plain ]
| 000 -LEADER | |
|---|---|
| fixed length control field | 00331nam a22000977a 4500 |
| 008 - FIXED-LENGTH DATA ELEMENTS--GENERAL INFORMATION | |
| fixed length control field | 190401b xxu||||| |||| 00| 0 eng d |
| 010 ## - LIBRARY OF CONGRESS CONTROL NUMBER | |
| LC control number | HCMCAF120 |
| 245 ## - TITLE STATEMENT | |
| Title | HIGH COURT MISCELLANEOUS CAUSE NO. 0045 OF 2010 ROSE MARY NALWADDA VS UGANDA AIDS COMMISSION |
| 260 ## - PUBLICATION, DISTRIBUTION, ETC. (IMPRINT) | |
| Date of publication, distribution, etc | 2010 |
| 500 ## - GENERAL NOTE | |
| Materials specified | BEFORE: THE HONOURABLE MR. JUSTICE YOROKAMU BAMWINE |
| Withdrawn status | Lost status | Source of classification or shelving scheme | Damaged status | Koha normalized classification for sorting | Not for loan | Koha collection | Location (home branch) | Sublocation or collection (holding branch) | Shelving location | Date acquired | Source of acquisition | Koha issues (times borrowed) | Koha full call number | Piece designation (barcode) | Koha date last seen | Price effective from | Koha item type | Public note |
|---|---|---|---|---|---|---|---|---|---|---|---|---|---|---|---|---|---|---|
| Dewey Decimal Classification | HCMCAF_000000000000000_120 | Reference | Law Development Centre Main Library | Law Development Centre Main Library | Reference | 04/01/2019 | HIGH COURT KAMPALA | HCMCAF120 | 0028/19 | 04/01/2019 | 04/01/2019 | Un Reported Cases | JUDGEMENT ENTERED ON 25/8/2010 |
